00542nam a2200193 a 4500001001300000003000900013005001700022008004100039020002600080082001600106100001700122245005300139260005000192300000900242500003500251505001000286650003500296700001700331nice12345678IN_TiNIC20260116011633.0050524s1977 cama grp 000 0 eng  a052103X c197.6500a291.22bBOW aBowker, John aProblems of Suffering in Religions of the World. aCambridge bCambridge University Press c1977 a318p aincludes index and biblioraphy2 aindex aComparative Religion-Suffering1 aBowker, John